Every Premier League player of the season - Statistics

General Stats
  • This quiz has been taken 34 times
  • The average score is 22 of 31
Answer Stats
Season Team Answer % Correct
2022/23 Manchester City Erling Haaland
100%
2024/25 Liverpool Mohammed Salah
100%
2017/18 Liverpool Mohammed Salah
100%
2015/16 Leicester City Jamie Vardy
91%
2021/22 Manchester City Kevin De Bruyne
91%
2019/20 Manchester City Kevin De Bruyne
91%
2009/10 Manchester United Wayne Rooney
91%
2007/08 Manchester United Cristiano Ronaldo
88%
2006/07 Manchester United Cristiano Ronaldo
88%
2004/05 Chelsea Frank Lampard
85%
2023/24 Manchester City Phil Foden
85%
2005/06 Arsenal Thierry Henry
85%
2003/04 Arsenal Thierry Henry
85%
2018/19 Liverpool Virgil Van Dijk
79%
1994/95 Blackburn Alan Shearer
76%
2014/15 Chelsea Eden Hazard
74%
2013/14 Liverpool Luis Suárez
71%
1997/98 Liverpool Michael Owen
71%
2016/17 Chelsea N’Golo Kanté
68%
2012/13 Tottenham Gareth Bale
65%
2000/01 Arsenal Patrick Vieira
62%
2010/11 Manchester United Nemanja Vidić
56%
2008/09 Manchester United Nemanja Vidić
56%
2002/03 Manchester United Ruud Van Nistelrooy
56%
1998/99 Manchester United Dwight Yorke
53%
1999/00 Sunderland Kevin Phillips
50%
2011/12 Manchester City Vincent Kompany
50%
2020/21 Manchester City Rúben Dias
44%
2001/02 Arsenal Freddie Ljungberg
32%
1996/97 Middlesbrough Juninho
29%
1995/96 Manchester United Peter Schmeichel
26%
No matching quizzes found
Score Distribution
Percent of People with Each Score
Percentile by Number Answered
Your Score History
You have not taken this quiz